Implementation of total quality management (TQM) in construction (Record no. 62434)

MARC details
000 -LEADER
fixed length control field 00843cam a2200205 4500
001 - CONTROL NUMBER
control field ABS61840
008 - FIXED-LENGTH DATA ELEMENTS--GENERAL INFORMATION
fixed length control field 000000n1999 000 0 eng u
035 ## - SYSTEM CONTROL NUMBER
System control number (Sirsi) u104030
100 ## - MAIN ENTRY--PERSONAL NAME
Personal name Watson, P.
245 ## - TITLE STATEMENT
Title Implementation of total quality management (TQM) in construction
260 ## - PUBLICATION, DISTRIBUTION, ETC.
Date of publication, distribution, etc. 1999
490 ## - SERIES STATEMENT
Series statement Construction Information Quarterly
Volume/sequential designation 1(4) December 1999, 1-6(6)
520 ## - SUMMARY, ETC.
Summary, etc. Discusses the advantages of implementing TQM within construction organisations. Considers the problems that may arise during implementation. The solutions that the author suggests are based upon research conducted in association with 20 construction companies.
590 ## - LOCAL NOTE (RLIN)
Local note ABS
650 ## - SUBJECT ADDED ENTRY--TOPICAL TERM
Topical term or geographic name entry element TOTAL QUALITY MANAGEMENT
650 ## - SUBJECT ADDED ENTRY--TOPICAL TERM
Topical term or geographic name entry element CONSTRUCTION MANAGEMENT
9 (RLIN) 6230
650 ## - SUBJECT ADDED ENTRY--TOPICAL TERM
Topical term or geographic name entry element CONSTRUCTION INDUSTRY
650 ## - SUBJECT ADDED ENTRY--TOPICAL TERM
Topical term or geographic name entry element QUALITY ASSURANCE
942 ## - ADDED ENTRY ELEMENTS (KOHA)
Suppress in OPAC 0
Holdings
Withdrawn status Lost status Source of classification or shelving scheme Damaged status Not for loan Home library Current library Shelving location Date acquired Total Checkouts Full call number Barcode Date last seen Copy number Price effective from Koha item type
    Dewey Decimal Classification     London London Journal article 04/02/2000   ABS61840 104030-1001 06/08/2019 1 06/08/2019 Journal article